2011 ESP Code : international code on the enhanced programme of inspections during surveys of bulk carriers and oil tankers, 2011 (Record no. 11605)

000 -LEADER
fixed length control field 00562nam a2200181 4500
008 - FIXED-LENGTH DATA ELEMENTS--GENERAL INFORMATION
fixed length control field 200320b ||||| |||| 00| 0 eng d
020 ## - INTERNATIONAL STANDARD BOOK NUMBER
International Standard Book Number 9789280115529
082 00 - DEWEY DECIMAL CLASSIFICATION NUMBER
Classification number 623.8245
Item number IMO
245 10 - TITLE STATEMENT
Title 2011 ESP Code : international code on the enhanced programme of inspections during surveys of bulk carriers and oil tankers, 2011
250 ## - EDITION STATEMENT
Edition statement 3
260 ## - PUBLICATION, DISTRIBUTION, ETC. (IMPRINT)
Place of publication, distribution, etc London
Name of publisher, distributor, etc International Maritime Organization
Date of publication, distribution, etc 2013
300 ## - PHYSICAL DESCRIPTION
Extent vii, 294 p.
650 #0 - SUBJECT ADDED ENTRY--TOPICAL TERM
Topical term or geographic name as entry element Ships - Inspection
650 #0 - SUBJECT ADDED ENTRY--TOPICAL TERM
Topical term or geographic name as entry element Tankers
650 #0 - SUBJECT ADDED ENTRY--TOPICAL TERM
Topical term or geographic name as entry element Marine surveyors
942 ## - ADDED ENTRY ELEMENTS (KOHA)
Source of classification or shelving scheme
Item type Reference book
Holdings
Withdrawn status Lost status Source of classification or shelving scheme Damaged status Not for loan Permanent location Current location Shelving location Date acquired Full call number Barcode Date last seen Koha item type Public note
          IMU-MPC Library IMU-MPC Library Reference 2020-03-20 623.8245 IMO MPC6203 2025-03-17 Books IMO SHELF
Copyright © 2021 Indian Maritime University, Mumbai Port Campus. All Rights Reserved. Managed & Maintained by Central Library, IMU-Mumbai

webs counters

Powered by Koha